00811nam a22002657a 4500003000200000005001700002008004100019020002100060040005400081041000700135082001000142100002600152245005300178260004300231260003300274260001200307260001200319300001800331440002900349500006500378504003200443650004400475942000900519999001700528020160609165320.0100122t xxu||||| |||| 00| 0 eng d a978-287003-446-0 a10/012bCommunauté Française de BelgiquecDon aFr 2396.9 aAntrobus, Peggy93068 aLe Mouvement mondial des femmescPeggy Antrobus aCotonoubEd. Ruisseaux d'Afriquec2007 aCotonoubEd. d'Atelierc2007 aCotonou aCotonou a303 p.c20 cm aEnjeux planetev1193069 aContien Quelques résaeux de femmes et leurs sites Internet aBibliographie pp. 271 - 273 aFemmebMouvement d'émancipation93070 cLIVR c46791d46791